Medications by Letter - D - Statistics

General Stats
  • This quiz has been taken 7 times
  • The average score is 5 of 20
Answer Stats
Hint Answer % Correct
Positive cardiac inotrope derived from a plant, sometimes used for atrial fibrillation Digoxin
86%
Benzodiazepine, used for alcohol withdrawal and seizures Diazepam
71%
Corticosteroid, can be given for intravenously for asthma exacerbation and meningitis Dexamethasone
43%
Antibiotic in the tetracycline class, used for atypical bacterial infections Doxycycline
43%
Direct thrombin inhibitor, taken orally to decrease risk of thromboembolism Dabigatran
29%
SGLT2 inhibitor, used for diabetes mellitus and heart failure Dapagliflozin
29%
Cough suppressant Dextromethorphan
29%
Nondihydropyridine calcium channel blocker, used for rate control in tachyarrhythmias Diltiazem
29%
Serotonin-norepinephrine reuptake inhibitor (SNRI), used for neuropathic pain Duloxetine
29%
Antibiotic that creates pores in bacterial cell membranes Daptomycin
14%
Protease inhibitor, used for HIV infection Darunavir
14%
Second generation non-sedating anti-histamine, used for seasonal allergies Desloratadine
14%
K+ channel opener, that can decrease blood pressure and block insulin secretion Diazoxide
14%
Antibiotic of the penicillin (β-lactam) class, given orally for bacterial mastitis Dicloxacillin
14%
Aldehyde dehydrogenase inhibitor, induces a "hangover" feeling when taken with alcohol Disulfiram
14%
α1-R-antagonist, used for benign prostatic hyperplasia (BPH) Doxazosin
14%
First generation sedating anti-histamine, used for seasonal allergies and insomnia Doxylamine
14%
GLP-1-R agonist, used for diabetes mellitus Dulaglutide
14%
Monoclonal antibody targeting the IL-4/13 receptor, used for atopic dermatitis Dupilumab
14%
PD-L1-targeting immune checkpoint inhibitor, used for lung and bladder cancer Durvalumab
14%
No matching quizzes found
Score Distribution
Percent of People with Each Score
Percentile by Number Answered
Your Score History
You have not taken this quiz